|
|
|
|
| LEADER |
00000nam a2200000 4500 |
| 001 |
vtls012133118 |
| 003 |
SK-MaSNL |
| 005 |
20260301055503.0 |
| 008 |
220502s2000 gw ab frn 000 0 eng |
| 015 |
|
|
|a SNBZSA2023/08
|
| 020 |
|
|
|a 9783642074936
|q (brožované)
|
| 020 |
|
|
|a 9783662040041
|q (eBook)
|
| 040 |
|
|
|a SNK
|b slo
|c SNK
|e rda
|
| 041 |
0 |
|
|a eng
|
| 043 |
|
|
|a e------
|
| 044 |
|
|
|a gw
|c DE
|a xxu
|c US
|
| 072 |
|
7 |
|a 316.4/.7
|x Sociálne interakcie
|2 konspekt
|
| 080 |
|
|
|a 316.42:004
|2 2011
|
| 080 |
|
|
|a 35:32
|2 2011
|
| 080 |
|
|
|a 001.102
|2 2011
|
| 080 |
|
|
|a (4)
|2 2011
|
| 080 |
|
|
|a (078.7)
|2 2001
|
| 080 |
|
|
|a (062.534)
|2 2011
|
| 245 |
0 |
0 |
|a Towards the information society
|b the case of Central and Eastern European countries : with 9 figures and 16 tables
|c G. Banse, C. J. Langenbach, P. Machleidt (eds.)
|
| 250 |
|
|
|a Softcover reprint of the hardcover 1st edition 2000
|
| 264 |
|
1 |
|a Berlin
|a Heidelberg
|a New York
|b Springer
|c 2000
|
| 300 |
|
|
|a 212 strán
|b mapa, obrázky, tabuľky
|c 24 cm
|
| 336 |
|
|
|a text
|b txt
|2 rdacontent
|
| 337 |
|
|
|a bez média
|b n
|2 rdamedia
|
| 338 |
|
|
|a zväzok
|b nc
|2 rdacarrier
|
| 490 |
1 |
|
|a Wissenschaftsethik und Technikfolgenbeurteilung : Schriftenreihe der Europäischen Akademie zur Erforschung von Wissenschaftsethik und Technikfolgenbeurteilung, Schriftenreihe der Europäischen Akademie zur Erforschung von Folgen wissenschaftlich-technischer Entwicklungen Bad Neuenahr-Ahrweiler
|v Band 9
|
| 500 |
|
|
|a Obsahuje zoznam a biografické i profesijné údaje o autoroch
|
| 504 |
|
|
|a Bibliografia za jednotlivými príspevkami
|
| 650 |
0 |
7 |
|a informačná spoločnosť
|2 SNKPH
|9 1237
|
| 650 |
0 |
7 |
|a verejná politika
|2 SNKPH
|9 969
|
| 650 |
0 |
7 |
|a informácie
|2 SNKPH
|9 1285
|
| 650 |
0 |
7 |
|a Information society
|2 SNKPHeng
|9 274642
|
| 650 |
0 |
7 |
|a Public policy
|2 SNKPHeng
|9 265834
|
| 650 |
0 |
7 |
|a Informations
|2 SNKPHeng
|9 270168
|
| 651 |
|
7 |
|a Európa
|2 SNKPHgeo
|9 167569
|
| 651 |
|
7 |
|a Europe
|2 SNKPHeng
|9 56249
|
| 655 |
|
7 |
|a prípadové štúdie
|2 SNKPH
|9 70498
|
| 655 |
|
7 |
|a zborníky konferencií
|2 SNKPH
|9 70153
|
| 655 |
|
7 |
|a Case studies
|2 SNKPH
|9 302769
|
| 655 |
|
7 |
|a Proceedings of conferences
|2 SNKPHeng
|9 265791
|
| 700 |
1 |
|
|a Banse, Gerhard,
|d 1946-
|4 edt
|9 369180
|
| 700 |
1 |
|
|a Langenbach, Christian J.,
|d 1963-
|4 edt
|9 369181
|
| 700 |
1 |
|
|a Machleidt, Petr,
|d 1949-
|4 edt
|9 369182
|
| 830 |
|
0 |
|a Wissenschaftsethik und Technikfolgenbeurteilung
|9 369183
|
| 852 |
|
|
|a Slovenská národná knižnica
|
| 919 |
|
|
|a 978-3-642-07493-6
|
| 919 |
|
|
|a 978-3-662-04004-1
|
| 954 |
|
|
|a odborná, vedecká literatúra cudzojazyčná (svetová)
|2 lita
|
| 958 |
|
|
|a ZS
|
| 958 |
|
|
|a NB
|
| 958 |
|
|
|a SP
|
| 999 |
|
|
|c 613456
|d 615386
|
| 952 |
|
|
|a SNK
|b SNK
|y PREZ
|7 0
|p 17A1493700
|o snkSC 199025
|i snk2022/13346
|8 4
|g 80.65
|0 0
|1 0
|4 0
|d 2022-05-02
|l 0
|r 2025-10-21 00:00:00
|w 2026-02-23
|